00970 a2200241 4500003000500000005001700005010001600022020001700038040000900055082001500064100002200079245012100101250002600222260004500248300003400293505017500327650002200502650002200524650002100546650003000567650004200597856008900639Nust20230130133725.0 a 88040123 a0679720197 : cNust00a909.82,KEN1 aKennedy, Paul M.,14aThe rise and fall of the great powers :beconomic change and military conflict from 1500 to 2000 /cby Paul Kennedy. a1st Vintage Books ed. aNew York :bVintage Books,c1989, c1987. axxv, 677 p. :bmaps ;c21 cm. aStrategy and Economics in the Preindustrial World (Page-3), Strategy and Economics in the Industrial Era (Page-183), Strategy and Economics Today and Tomorrow (Page-447). 0aBalance of power. 0aEconomic history. 0aHistory, Modern. 0aMilitary history, Modern. 0aMilitary readinessxEconomic aspects.423Publisher descriptionuhttp://www.loc.gov/catdir/description/random042/88040123.html